Statistiques concernant Pays les plus proches du Cambodge - sprint d'une minute

Cliquez ici pour prendre le quiz!

Statistiques générales

  • Ce quiz a été pris 58 fois
  • Le résultat moyen est 16 sur 20

Statistiques - réponses

kmpays% Correct
1090Inde
98%
0Thaïlande
98%
0Viêt Nam
98%
773Chine
96%
0Laos
89%
405Malaisie
89%
324Birmanie
87%
768Indonésie
87%
2789Corée du Sud
83%
1943Japon
83%
2060Népal
83%
1805Bhoutan
80%
1141Philippines
80%
998Singapour
72%
1606Taïwan
72%
1330Bangladesh
70%
2337Sri Lanka
63%
1111Brunei
59%
2988Timor-Leste
54%
3001Palaos
30%

Distribution des résultats

Percentile par nombre de réponses

% des personnes avec chaque résultat

Votre développement - résultats

Vous n’avez pas pris ce quiz